LEADER 05554 am 22007573u 450 001 9910137633203321 005 20230609051643.0 010 $a1-921666-45-5 035 $a(CKB)3170000000065322 035 $a(EBL)4612337 035 $a(SSID)ssj0000764474 035 $a(PQKBManifestationID)11943333 035 $a(PQKBTitleCode)TC0000764474 035 $a(PQKBWorkID)10771169 035 $a(PQKB)10069672 035 $a(MiAaPQ)EBC4612337 035 $a(WaSeSS)Ind00043411 035 $a(oapen)https://directory.doabooks.org/handle/20.500.12854/37773 035 $a(EXLCZ)993170000000065322 100 $a20160830h20112011 uy| 0 101 0 $aeng 135 $aur|n|---||||| 181 $ctxt 182 $cc 183 $acr 200 00$aExploring the legacy of the 1948 Arnhem Land Expedition /$fedited by Martin Thomas and Margo Neale 210 $aCanberra$cANU Press$d2011 210 1$aCanberra, Australia :$cANU Press,$d[2011] 210 4$d©2011 215 $a1 online resource (488 pages) $cillustrations 311 08$aPrint version: 9781921666445 320 $aIncludes bibliographical references. 327 $aPreliminary pages; Foreword; Prologue; Acknowledgments; 1. Expedition as Time Capsule: Introducing the American-Australian Scientific Expedition to Arnhem Land. Martin Thomas; Part I. Engagements with Aboriginal Cultures; 2. Inside Mountford's Tent: Paint, politics and paperwork. Philip Jones; 3. Nation Building or Cold War: Political settings for the Arnhem Land Expedition. Kim Beazley; 4. A Robinson Crusoe in Arnhem Land: Howell Walker, National Geographic and the Arnhem Land Expedition of 1948. Mark Collins Jenkins 327 $a5. Birds on the Wire: Wild sound, informal speech and the emergence of the radio documentary. Tony MacGregor6. From Kunnanj, Fish Creek, to Mumeka, Mann River: Hunter-gatherer tradition and transformation in Western Arnhem Land,1948-2009. Jon Altman; 7. Making a Sea Change: Rock art, archaeology and the enduring legacy of Frederick McCarthy's research on Groote Eylandt. Anne Clarke and Ursula Frederick; 8. Ecology and the Arnhem Land Expedition: Raymond Specht, a botanist in the field. Lynne McCarthy 327 $a9. Piecing the History Together: An overview of the 1948 Arnhem Land Expedition. Sally K. MayPart II. Collectors and Collections; 10. The String Figures of Yirrkala: Examination of a legacy. Robyn McKenzie; 11. The Forgotten Collection: Baskets reveal historiesLouise Hamby; 12. Hidden for Sixty Years: The motion pictures of the American-Australian Scientific Expedition to Arnhem LandJoshua Harris; 13. The Responsibilities of Leadership: The records of Charles P. Mountford. Denise Chapman and Suzy Russell 327 $a14. Beneath the Billabongs: The scientific legacy of Robert Rush Miller. Gifford Hubbs Miller and Robert Charles Cash15. An Insider's Perspective: Raymond Louis Specht's oral history. Edited and introduced by Margo Daly; Part III. Aboriginal Engagements with the Expedition; 16. The American Clever Man (Marrkijbu Burdan Merika). Bruce Birch; 17. Missing the Revolution! Negotiating disclosure on the pre-Macassans (Bayini) in North-East Arnhem Land. Ian S. McIntosh; 18. Aural Snapshots of Musical Life: The 1948 recordings. Linda Barwick and Allan Marett 327 $a19. Unpacking the Testimony of Gerald Blitner: Cross-cultural brokerage and the Arnhem Land Expedition. Martin Thomas20. The Forbidden Gaze: The 1948 Wubarr ceremony performed for the American-Australian Scientific Expedition to Arnhem Land. Murray Garde; 21. Epilogue: Sifting the silence. Margo Neale, Project Director,Barks, Birds & Billabongs symposium; Contributors; Index 330 $aIn 1948 a collection of scientists, anthropologists and photographers journeyed to northern Australia for a seven-month tour of research and discovery - now regarded as 'the last of the big expeditions'. The American-Australian Scientific Expedition to Arnhem Land was front-page news at the time, but 60 years later it is virtually unknown. This lapse into obscurity was due partly to the fraught politics of Australian anthropology and animus towards its leader, the Adelaide-based writer-photographer Charles Mountford. Promoted as a 'friendly mission that would foster good relations between Australia and its most powerful wartime ally, the Expedition was sponsored by National Geographic, the Smithsonian Institution and the Australian Government. An unlikely cocktail of science, diplomacy and popular geography, the Arnhem Land Expedition put the Aboriginal cultures of the vast Arnhem Land reserve on an international stage. 606 $aDiscoveries in geography 606 $aAboriginal Australians 607 $aArnhem Land (N.T.) 610 $aarnhem land 610 $aaustralian 610 $aaboriginal australians 610 $ascientific expedition 610 $adiscovery 610 $aexploration 610 $aamerican 610 $aGroote Eylandt 610 $aGunbalanya 610 $aNorthern Territory 610 $aYolngu 615 0$aDiscoveries in geography. 615 0$aAboriginal Australians. 676 $a305.8991 700 $aThomas$b Martin$4auth$0475845 702 $aThomas$b Martin 702 $aNeale$b Margo 801 0$bMiAaPQ 801 1$bMiAaPQ 801 2$bMiAaPQ 801 2$bUkMaJRU 906 $aBOOK 912 $a9910137633203321 996 $aExploring the legacy of the 1948 Arnhem Land Expedition$93371769 997 $aUNINA LEADER 01339nam0 22003371i 450 001 SBL0603413 005 20231121125829.0 020 $aIT$b8411803 100 $a20210311d1984 ||||0itac50 ba 101 | $aita 102 $ait 181 1$6z01$ai $bxxxe 182 1$6z01$an 200 1 $a˜L'œinformatica nella societa italiana, 1984$eprimo rapporto realizzato con il patrocinio della Finsiel$fCensis, Centro studi investimenti sociali 210 $aMilano$cF. Angeli$d[1984?] 215 $a257 p.$d22 cm . 225 | $aMateriali di ricerca$fCensis 410 0$1001CFI0004220$12001 $aMateriali di ricerca$fCensis$171202$aCensis$3CFIV001456 606 $aInformatica$xDiffusione$xItalia$2FIR$3RMLC014126$9I 676 $a001.6$9$v21 710 02$aCensis$3CFIV001456$4070$09271 791 02$aCentro studi investimenti sociali$3CFIV001458$zCensis 791 02$aFondazione Censis$3CFIV138870$zCensis 801 3$aIT$bIT-01$c20210311 850 $aIT-FR0017 899 $aBiblioteca umanistica Giorgio Aprea$bFR0017 $eN 912 $aSBL0603413 950 0$aBiblioteca umanistica Giorgio Aprea$d 52MAG 6/1588$e 52BUN0000134155 VMB RS $fA $h20210311$i20210311 977 $a 52 996 $aInformatica nella società italiana 1984$9434882 997 $aUNICAS